00716 2200193 4500001002100000005001500021035002000036245003300056100001700089250001700106300003200123260003100155082000800186084001400194020002200208650001500230520025100245500002600496INLIS00000000000069520240919093542 a0010-09240000141 aKenapa Tata? /cLia Herliana0 aLia Herliana aCetakan Ke-1 aii, 30 hlm :bIlus ;c25 cm aSolo :bTiga Ananda,c2019 a813 a813 LIA k a978-623-206-374-7 4aFiksi Anak aTata, sahabat Dio, dicemooh teman-teman. Ia sedih sekali. Dio tahu, ia harus membantu Tata. Apa yang sebaiknya Dio lakukan?Tata, sahabat Dio, dicemooh teman-teman. Ia sedih sekali. Dio tahu, ia harus membantu Tata. Apa yang sebaiknya Dio lakukan? aSeri Aku Bilang Tidak